00422nam a2200157Ia 4500003000400000008004100004040001600045082001300061100002100074245004500095260005200140300001000192490002500202650001500227650002200242GCL140319s9999 xx 000 0 eng d aGCL / cGCL04a843bF O1 aFEYDEAN, GEORGES10aOCCUPE TOI D'AMELIE / cFEYDEAN, GEORGES a[S.N] : bLIBRAIRE GENERALE FRANCAISE ، c1995 a284 P aLE LIVRE DE POCHEv004aLITERATURE04aFRENCH LITERATURE